174 - Né(es) un 23 juin. - Statistiques

Statistiques générales
  • Ce quiz a été pris 11 fois
  • Le résultat moyen est 6 sur 15
Statistiques - réponses
Hint Année de naissance Réponse % Correct
De son mariage avec Napoléon 1er, elle devient impératrice des Français de 1804 à 1809 et reine d'Italie de 1805 à 1809. 1763 Joséphine de Beauharnais|Marie Josèphe Rose Tascher de La Pagerie
89%
A marqué deux buts en finale de la Coupe du monde de football en 1998. 1972 Zinédine Zidane
78%
Dramaturge français connu pour "Antigone", réécriture moderne de la pièce de Sophocle. 1910 Jean Anouilh
67%
Pionnier anglais de l'intelligence artificielle, il joua lors de la Seconde guerre mondiale un rôle déterminant dans le décodage de la machine "Enigma" utilisée par les armées allemandes. 1912 Alan Turing|Alan Mathison Turing
56%
Compositeur de la bande originale du film "Le Fabuleux Destin d'Amélie Poulain" pour laquelle il obtient le César de la meilleure musique de film en 2002. 1970 Yann Tiersen
56%
Roi du Royaume-Uni et des autres dominions du Commonwealth britannique, empereur des Indes du 20 janvier au 11 décembre 1936. 1894 Édouard VIII
44%
Actrice américaine, vue dans "Burn After Reading", gagnante de trois Oscars ("Fargo", "Three Billboards : Les Panneaux de la vengeance", "Nomadland"). 1957 Frances McDormand
44%
Joueuse de tennis italienne, victorieuse à Roland Garros en 2010 face à Samantha Stosur. 1980 Francesca Schiavone
33%
Une des premières femmes pilote de rallye (notamment Audi) dans les années 80. 1951 Michèle Mouton
33%
International de football, champion du monde en 1998, d'Europe en 2000, passé par Arsenal FC, la Juventus et l'Inter Milan. 1976 Patrick Vieira
33%
International de football français, passé par l'OL, l'OM et les Girondins de Bordeaux. Devenu par la suite entraîneur notamment de l'OL et l'AS Monaco. 1955 Jean Tigana
22%
Reine de France et de Navarre de 1725 à 1768. 1703 Marie Leszczynska|Marie Leczinska|Marie de Leszno
11%
Couturier français, passé par Dior, son costume TEDD fut porté par John Lennon pour une séance photo de la couverture de l'album "Abbey Road". 1929 Ted Lapidus|Edmond Lapidus
11%
Membre du PASOK, premier ministre de la Grèce du 22 janvier 1996 au 10 mars 2004. 1936 Konstantínos Simítis|Kóstas Simítis
0%
Chanteuse connue pour le titre "Babel" et "My Heart Is Calling". 1969 Noa|Achinoam Nini
0%
Aucun quiz correspondant
Distribution des résultats
% des personnes avec chaque résultat
Percentile par nombre de réponses
Votre historique - résultats
Vous n’avez pas pris ce quiz